Представление документа в формате RUSMARC

ПолеНазваниеЗначение
  Тип записи a
  Библиографический уровень a
001 Контрольный номер RU/CBS_UL/BASE/2d05498aa7d54c77a0a1e4437154c452
005 Дата корректировки 20260219161556.7
100 Данные общей обработки __
a Данные общей обработки 20260219 ||| 0rusy0189 ca
101 Язык документа 0_
a Язык текста rus
102 Страна публикации __
a Страна публикации RU
200 Заглавие и сведения об ответственности 1_
a Заглавие Главный теоретик космонавтики
e Сведения, относящиеся к заглавию [достижения советского учёного М. В. Келдыша]
f Первые сведения об ответственности Г. Красников
461 Уровень набора _0
1 2000
a Честь Отечества
463 Уровень физической единицы _0
1 2000
a № 1-2
v С. 20-21 : фото
1 2101
d 2026
1 001RU/CBS_UL/BASE/84d1925e5ac146458e290c11b6276ba6
600 Персоналии _1
a Персоналии (Фамилия) Келдыш
b Персоналии (Имя, инициалы) М. В.
606 Тематические рубрики 0_
a Основная рубрика Келдыш, Мстислав Всеволодович (1911-1978)
610 Ключевые слова 0_
a Ключевые слова учёные
610 Ключевые слова 0_
a Ключевые слова советские учёные
610 Ключевые слова 0_
a Ключевые слова учёные советские
610 Ключевые слова 0_
a Ключевые слова академики
610 Ключевые слова 0_
a Ключевые слова советские академики
610 Ключевые слова 0_
a Ключевые слова академики советские
610 Ключевые слова 0_
a Ключевые слова президенты Академии наук СССР
610 Ключевые слова 0_
a Ключевые слова теоретики космонавтики
686 Индексы других классификаций __
2 Код системы rubbk
a Классификационный индекс 72.6(2Рос)
700 Автор _1
a Фамилия Красников
b Имя (инициалы) Г.
801 Источник записи _0
a Страна RU
b Организация МБУК ЦБС г. Ульяновска
c Дата составления 20260219
g Правила каталогизации RCR
801 Источник записи _1
a Страна RU
b Организация МБУК ЦБС г. Ульяновска
c Дата составления 20260219
g Правила каталогизации RCR
901 Тип документа __
t Тип документа b
w Контрольный № источника RU/CBS_UL/BASE/84d1925e5ac146458e290c11b6276ba6
909 Создатель записи __
a Создатель записи lib2